[Event "Ïåðâåíñòâî Ìîñêâû ïî øàõìàòàì"]
[Site "Ìîñêâà, ÌÃÈÌÎ ïð. Âåðíàäñêîãî,"]
[Date "2018.11.18"]
[Round "1.1"]
[White "Òâåðäîõëåá, Àëåêñàíäð."]
[Black "Åðèöÿí, Àðàì."]
[Result "0-1"]
[WhiteElo "1941"]
[BlackElo "2354"]
[PlyCount "36"]
[EventDate "2018.11.18"]

1. e4 e5 2. Nf3 Nc6 3. d4 exd4 4. Nxd4 Nf6 5. Nc3 Bb4 6. Nxc6 bxc6 7. Bd3 O-O
8. O-O Re8 9. Qf3 Rb8 10. Bg5 Bd6 11. Kh1 Rxb2 12. Qh3 h6 13. f4 hxg5 14. fxg5
Be5 15. gxf6 d6 16. Qh5 g6 17. Qh6 Bxf6 18. e5 Bg5 0-1

[Event "Ïåðâåíñòâî Ìîñêâû ïî øàõìàòàì"]
[Site "Ìîñêâà, ÌÃÈÌÎ ïð. Âåðíàäñêîãî,"]
[Date "2018.11.18"]
[Round "1.2"]
[White "Ïàâëîâ, Äàíèëà."]
[Black "Àíòîíÿí, Ãðàíò."]
[Result "0-1"]
[WhiteElo "2330"]
[BlackElo "1967"]
[PlyCount "144"]
[EventDate "2018.11.18"]

1. e4 e5 2. Nc3 Nf6 3. f4 d5 4. fxe5 Nxe4 5. Nf3 Be7 6. Qe2 Nxc3 7. dxc3 c5 8.
Qf2 Nc6 9. Qg3 g6 10. Bh6 Be6 11. Be2 Qb6 12. O-O-O O-O-O 13. Ng5 Bxg5+ 14.
Bxg5 Rd7 15. Rhe1 Re8 16. Bf6 h5 17. b3 Qa5 18. Kb2 d4 19. cxd4 Nxd4 20. Bd3
Bg4 21. Rc1 Be6 22. Bf1 Nc6 23. Qc3 Qxc3+ 24. Kxc3 a6 25. a3 Ne7 26. Bd3 Nd5+
27. Kb2 Kc7 28. Bg5 Nb6 29. Be3 Kc6 30. Bf1 Nd5 31. Bg5 Ne7 32. g3 Nf5 33. Rcd1
Nd4 34. b4 Kc7 35. Bg2 cxb4 36. axb4 Nc6 37. Rxd7+ Bxd7 38. Bf4 Be6 39. c3 Rd8
40. Bf1 Rd7 41. Ka3 b5 42. Kb2 Ne7 43. Be3 Nd5 44. Bc5 Nb6 45. Bxb6+ Kxb6 46.
Kc1 a5 47. bxa5+ Kxa5 48. Rd1 Rxd1+ 49. Kxd1 b4 50. Kc2 b3+ 51. Kb2 Ka4 52. Bg2
Kb5 53. Bf3 Bc4 54. Bd1 Ka4 55. Bf3 Kb5 56. Ka3 Kc5 57. Bd1 Kd5 58. Bxb3 Bxb3
59. Kxb3 Kxe5 60. c4 Kd6 61. Kc3 Kc5 62. Kd3 f6 63. h3 h4 64. gxh4 f5 65. Ke3
Kxc4 66. Kf4 Kd5 67. Kg5 Ke6 68. Kf4 Kf6 69. h5 gxh5 70. h4 Ke6 71. Kg5 Ke5 72.
Kxh5 Kf6 0-1

[Event "Ïåðâåíñòâî Ìîñêâû ïî øàõìàòàì"]
[Site "Ìîñêâà, ÌÃÈÌÎ ïð. Âåðíàäñêîãî,"]
[Date "2018.11.18"]
[Round "1.3"]
[White "Ðûñàåâ, Äàíèÿë."]
[Black "Äóäèí, Ãëåá."]
[Result "0-1"]
[WhiteElo "1966"]
[BlackElo "2207"]
[PlyCount "62"]
[EventDate "2018.11.18"]

1. d4 Nf6 2. c4 e6 3. Nf3 b6 4. g3 Bb7 5. Bg2 Be7 6. O-O O-O 7. Nc3 Ne4 8. Qd3
Nxc3 9. Qxc3 c5 10. Qc2 Nc6 11. Be3 Rc8 12. Rfd1 Qc7 13. d5 Nb4 14. Qe4 f5 15.
Qb1 exd5 16. a3 Nc6 17. cxd5 Nd8 18. Bh3 g6 19. Qd3 Nf7 20. Rac1 Bf6 21. b3 Qd6
22. Bf4 Qe7 23. Bg2 Rce8 24. Rc2 d6 25. h4 Kg7 26. Qb5 Qc7 27. Qd3 Qd7 28. Bh3
Re7 29. h5 Rfe8 30. Nh4 Re4 31. Ng2 Rd4 0-1

[Event "Ïåðâåíñòâî Ìîñêâû ïî øàõìàòàì"]
[Site "Ìîñêâà, ÌÃÈÌÎ ïð. Âåðíàäñêîãî,"]
[Date "2018.11.18"]
[Round "1.4"]
[White "Çàèêà, Äàíèèë."]
[Black "Ôåäîðîâ, Íèêèòà."]
[Result "1-0"]
[WhiteElo "2191"]
[BlackElo "1958"]
[PlyCount "131"]
[EventDate "2018.11.18"]

1. d4 Nf6 2. c4 c5 3. d5 e6 4. Nc3 exd5 5. cxd5 Bd6 6. Nf3 O-O 7. Bg5 Re8 8. e3
h6 9. Bh4 Bc7 10. Qa4 d6 11. Bxf6 gxf6 12. Qf4 Kg7 13. Bd3 Nd7 14. Nh4 Ne5 15.
Bf5 Ng6 16. Qg3 Re5 17. e4 Qe8 18. O-O Kh7 19. f4 Re7 20. Bxc8 Qxc8 21. Nf5 Qf8
22. Nxe7 Qxe7 23. Qh3 a6 24. Qf5 b5 25. e5 dxe5 26. Ne4 Kg7 27. Rad1 Rd8 28.
fxe5 Bxe5 29. b3 c4 30. bxc4 bxc4 31. Rf3 c3 32. Rf2 a5 33. g3 a4 34. Qf3 Qa7
35. Qd3 c2 36. Qxc2 Bd4 37. Rxd4 Qxd4 38. Nxf6 a3 39. Qf5 Qe5 40. Nh5+ Kh8 41.
Qf6+ Qxf6 42. Nxf6 Ne5 43. Re2 Nc4 44. Re8+ Rxe8 45. Nxe8 Kg8 46. Kf2 Kf8 47.
Nc7 Ke7 48. Nb5 Kf6 49. Ke2 Ke5 50. d6 Nxd6 51. Nxd6 Kxd6 52. Kd3 Ke5 53. Kc3
Kf5 54. Kb3 Kg4 55. Kxa3 Kh3 56. Kb4 Kxh2 57. g4 Kg3 58. a4 Kxg4 59. a5 f5 60.
a6 f4 61. a7 f3 62. a8=Q Kg3 63. Kc3 f2 64. Qh1 h5 65. Kd2 h4 66. Ke2 1-0

[Event "Ïåðâåíñòâî Ìîñêâû ïî øàõìàòàì"]
[Site "Ìîñêâà, ÌÃÈÌÎ ïð. Âåðíàäñêîãî,"]
[Date "2018.11.18"]
[Round "1.5"]
[White "Áðåãìàí, Èëüÿ."]
[Black "Ãåðìàí, Íèêèòà."]
[Result "0-1"]
[WhiteElo "1918"]
[BlackElo "2179"]
[PlyCount "66"]
[EventDate "2018.11.18"]

1. d4 Nf6 2. c4 g6 3. Nc3 Bg7 4. e4 d6 5. Be2 O-O 6. Bg5 Na6 7. f3 c6 8. Qd2
Re8 9. g4 Nc7 10. Bh6 Bh8 11. h4 Rb8 12. h5 b5 13. hxg6 fxg6 14. Bd3 e5 15. d5
bxc4 16. Bxc4 cxd5 17. exd5 e4 18. O-O-O exf3 19. Nxf3 Ne4 20. Qc2 Bxg4 21.
Rdf1 Nxc3 22. bxc3 Nb5 23. Nh4 Na3 24. Qa4 Rb1+ 25. Kd2 Rb2+ 26. Kc1 Rc2+ 27.
Qxc2 Nxc2 28. Kxc2 Qa5 29. Bd2 Rc8 30. Rf4 Qa4+ 31. Bb3 Rxc3+ 32. Bxc3 Qxf4 33.
Bxh8 Qe4+ 0-1

[Event "Ïåðâåíñòâî Ìîñêâû ïî øàõìàòàì"]
[Site "Ìîñêâà, ÌÃÈÌÎ ïð. Âåðíàäñêîãî,"]
[Date "2018.11.18"]
[Round "1.6"]
[White "Âîéíèêîíèñ, Íèêèòà."]
[Black "Çàîçåðñêèõ, Ñåðãåé."]
[Result "0-1"]
[WhiteElo "2164"]
[BlackElo "1909"]
[PlyCount "64"]
[EventDate "2018.11.18"]

1. e4 c5 2. Nf3 a6 3. b3 d6 4. Bb2 e5 5. Bc4 Be6 6. Bxe6 fxe6 7. O-O Nc6 8. Qe2
Be7 9. c3 Bf6 10. Rd1 Nge7 11. d4 b6 12. dxe5 Nxe5 13. Nxe5 Bxe5 14. Qg4 O-O
15. Qxe6+ Kh8 16. Nd2 b5 17. Qg4 Ng6 18. Nf3 Qf6 19. Rac1 b4 20. Rc2 bxc3 21.
Bc1 Bf4 22. Rd5 Qe7 23. Rh5 Qxe4 24. Rxc3 Ne5 25. Rxe5 dxe5 26. g3 Rf5 27. Kh1
Rd8 28. Rc4 Qd5 29. Bxf4 exf4 30. Rxf4 Rdf8 31. Rxf5 Rxf5 32. Kg2 h5 0-1

[Event "Ïåðâåíñòâî Ìîñêâû ïî øàõìàòàì"]
[Site "Ìîñêâà, ÌÃÈÌÎ ïð. Âåðíàäñêîãî,"]
[Date "2018.11.18"]
[Round "1.7"]
[White "Áàðàíîâñêèé, Äàíèèë."]
[Black "Âåòîõèí, Èëüÿ."]
[Result "0-1"]
[WhiteElo "1754"]
[BlackElo "2082"]
[PlyCount "60"]
[EventDate "2018.11.18"]

1. d4 Nf6 2. Nf3 g6 3. Nc3 d5 4. Bf4 Bg7 5. e3 O-O 6. Nb5 Na6 7. c4 Bf5 8. Qb3
c5 9. Rc1 Qa5+ 10. Nc3 Nb4 11. a3 Nd3+ 12. Bxd3 Bxd3 13. cxd5 cxd4 14. Nxd4
Rac8 15. Be5 Nxd5 16. Bxg7 Kxg7 17. Kd2 Bc4 18. Qa4 Qd8 19. b3 Nb6 20. Qa5 Bxb3
21. Ke1 Bd5 22. f3 e6 23. Kf2 a6 24. Rhd1 Qh4+ 25. Kg1 Nc4 26. Qb4 a5 27. Qb5
Nxe3 28. Nxd5 Nxd1 29. Nxe6+ fxe6 30. Qd7+ Rf7 0-1

[Event "Ïåðâåíñòâî Ìîñêâû ïî øàõìàòàì"]
[Site "Ìîñêâà, ÌÃÈÌÎ ïð. Âåðíàäñêîãî,"]
[Date "2018.11.18"]
[Round "1.8"]
[White "Çàâüÿëîâ, Íèêèòà."]
[Black "ßðèêîâ, Àðò¸ì."]
[Result "1/2-1/2"]
[WhiteElo "2111"]
[BlackElo "1728"]
[PlyCount "82"]
[EventDate "2018.11.18"]

1. e4 d5 2. exd5 Qxd5 3. Nc3 Qa5 4. d3 Nf6 5. Bd2 Nc6 6. a4 Qe5+ 7. Nge2 Bg4 8.
f3 Bf5 9. Nb5 Rc8 10. Bf4 Qc5 11. c3 e5 12. d4 exd4 13. Nexd4 Nxd4 14. Qxd4
Qxd4 15. Nxd4 Bd7 16. Bc4 Bc5 17. b4 Bxd4 18. cxd4 O-O 19. d5 Rfe8+ 20. Kf2
Ne4+ 21. Kf1 Nc3 22. Bd2 Nxa4 23. b5 Nb6 24. Bd3 Nxd5 25. Kf2 Ra8 26. Ra5 c6
27. Rha1 cxb5 28. Bxb5 Bxb5 29. Rxb5 Nb6 30. Ba5 h6 31. Bxb6 axb6 32. Rxa8 Rxa8
33. Rxb6 Rb8 34. Ke3 Kf8 35. Kd4 Ke7 36. Kc5 Rc8+ 37. Kd5 Rd8+ 38. Ke5 Rd7 39.
h4 Rc7 40. g4 f6+ 41. Kf5 Kf7 1/2-1/2

[Event "Ïåðâåíñòâî Ìîñêâû ïî øàõìàòàì"]
[Site "Ìîñêâà, ÌÃÈÌÎ ïð. Âåðíàäñêîãî,"]
[Date "2018.11.18"]
[Round "1.9"]
[White "Ïîíîìàðåíêî, Àíòîí."]
[Black "Ãèðøãîðí, Ëåîíèä."]
[Result "0-1"]
[WhiteElo "1704"]
[BlackElo "2019"]
[PlyCount "74"]
[EventDate "2018.11.18"]

1. d4 Nf6 2. c4 g6 3. f3 e5 4. dxe5 Nh5 5. Nh3 Nc6 6. g4 Qh4+ 7. Nf2 Bc5 8. e3
Nf4 9. Qc2 Ne6 10. a3 h5 11. b4 Be7 12. Bb2 hxg4 13. f4 b6 14. Bg2 Bb7 15. Kf1
O-O-O 16. Bc3 Ng7 17. Qe2 Nf5 18. Nxg4 Qxg4 19. Qxg4 Nxe3+ 20. Ke2 Nxg4 21. h3
Nh6 22. Nd2 Nf5 23. Kf2 Rh4 24. Rhe1 Rxf4+ 25. Kg1 Ncd4 26. Bxb7+ Kxb7 27. Rac1
Rh8 28. Kg2 Rh5 29. Ne4 Nh4+ 30. Kg3 Rf3+ 31. Kh2 Nhf5 32. Bxd4 Rfxh3+ 33. Kg2
Rh2+ 34. Kf1 Nxd4 35. Nf2 Rf5 36. e6 Rfxf2+ 37. Kg1 Nf3# 0-1

[Event "Ïåðâåíñòâî Ìîñêâû ïî øàõìàòàì"]
[Site "Ìîñêâà, ÌÃÈÌÎ ïð. Âåðíàäñêîãî,"]
[Date "2018.11.18"]
[Round "1.10"]
[White "Àôàíàñüåâà, Àëåêñàíäðà."]
[Black "Èãíàòþê, Íèêèòà."]
[Result "1-0"]
[WhiteElo "2095"]
[BlackElo "1633"]
[PlyCount "85"]
[EventDate "2018.11.18"]

1. e4 c6 2. d4 d5 3. Nc3 dxe4 4. Nxe4 Bf5 5. Ng3 Bg6 6. h4 h6 7. Nf3 Nd7 8. h5
Bh7 9. Bd3 Bxd3 10. Qxd3 Qc7 11. Bd2 e6 12. O-O-O Ngf6 13. Ne4 Nxe4 14. Qxe4
Nf6 15. Qe2 O-O-O 16. c4 c5 17. Rh4 cxd4 18. Nxd4 a6 19. Kb1 Bc5 20. Nb3 b6 21.
Rc1 a5 22. Nxc5 Qxc5 23. Be3 Qc6 24. c5 b5 25. a4 b4 26. Qb5 Qxb5 27. axb5 Nd5
28. Ka2 Nxe3 29. fxe3 Rd3 30. Rd4 Rxd4 31. exd4 Rd8 32. Rc4 Rd5 33. Kb3 Rxh5
34. Ka4 Rg5 35. Kxa5 Rxg2 36. Rxb4 Rg1 37. b6 Kb7 38. Kb5 Rc1 39. Ra4 Rf1 40.
c6+ Kb8 41. c7+ Kb7 42. Ra7+ Kc8 43. Ra8+ 1-0

[Event "Ïåðâåíñòâî Ìîñêâû ïî øàõìàòàì"]
[Site "Ìîñêâà, ÌÃÈÌÎ ïð. Âåðíàäñêîãî,"]
[Date "2018.11.19"]
[Round "2.1"]
[White "Yeritsyan, Aram"]
[Black "Vetokhin, Il'ya"]
[Result "1-0"]
[WhiteElo "2354"]
[BlackElo "2082"]
[PlyCount "131"]
[EventDate "2018.11.18"]

1. e4 c5 2. Nf3 Nc6 3. Bb5 Nf6 4. Nc3 Qc7 5. O-O Nd4 6. d3 Nxb5 7. Nxb5 Qb6 8.
a4 d6 9. e5 dxe5 10. Nxe5 Bd7 11. Nc4 Qd8 12. Re1 Bxb5 13. axb5 e6 14. Qf3 Nd5
15. Na5 Be7 16. Nxb7 Qd7 17. Na5 O-O 18. Bd2 Qxb5 19. Nc4 Rfb8 20. Re4 Qd7 21.
Qg3 Bf6 22. Rg4 h5 23. Re4 Qe7 24. c3 g6 25. f4 Qd7 26. Rf1 Ne7 27. Rf3 Nf5 28.
Qf2 Rb5 29. Re2 Rab8 30. Bc1 Qc7 31. g3 Kg7 32. Ne5 Rd8 33. Re4 Qb7 34. Re1 Qc7
35. Nc4 Rbb8 36. Nd2 Rd5 37. Ne4 Rbd8 38. Qe2 Be7 39. h3 Kg8 40. g4 Ng7 41. Kg2
Qd7 42. Rd1 Qc7 43. Bd2 Qb7 44. c4 R5d7 45. Bc3 Qc6 46. Be5 a6 47. Kh2 Qc8 48.
Qc2 Qc6 49. Qe2 Qc8 50. Kg2 Qc6 51. Bc3 f5 52. Nf2 Bh4 53. g5 Qb6 54. Re3 Qc6+
55. Kh2 Re8 56. Re1 Qd6 57. Qf3 Kf7 58. R1e2 Rde7 59. Nd1 Rd7 60. Be5 Qb6 61.
Nc3 Qd8 62. Na4 Qa5 63. Qc6 Rde7 64. Nxc5 Qa1 65. Qh1 Qa5 66. Nb7 1-0

[Event "Ïåðâåíñòâî Ìîñêâû ïî øàõìàòàì"]
[Site "Ìîñêâà, ÌÃÈÌÎ ïð. Âåðíàäñêîãî,"]
[Date "2018.11.19"]
[Round "2.2"]
[White "Dudin, Gleb"]
[Black "Grishgorn, Leonid"]
[Result "1/2-1/2"]
[WhiteElo "2207"]
[BlackElo "2019"]
[PlyCount "104"]
[EventDate "2018.11.18"]

1. d4 Nf6 2. c4 g6 3. Nc3 d5 4. cxd5 Nxd5 5. e4 Nxc3 6. bxc3 Bg7 7. Bc4 c5 8.
Ne2 O-O 9. O-O cxd4 10. cxd4 Nc6 11. Be3 Bg4 12. f3 Na5 13. Bxf7+ Rxf7 14. fxg4
Rxf1+ 15. Kxf1 Qd7 16. g5 Nc4 17. Qd3 b5 18. Kg1 Rd8 19. Bf2 Qg4 20. a4 a6 21.
axb5 axb5 22. h4 Rf8 23. Rb1 Nd6 24. Nc3 Qf4 25. Bg3 Qg4 26. Kh2 h6 27. gxh6
Bxh6 28. Qe2 Qxe2 29. Nxe2 Nxe4 30. Rxb5 Nxg3 31. Kxg3 Bg7 32. Rg5 Kh7 33. Rg4
Rf1 34. Re4 Bf6 35. Kg4 Re1 36. Kf3 Kg7 37. g3 Rd1 38. Nf4 g5 39. Ne6+ Kh6 40.
hxg5+ Bxg5 41. Kg4 Bc1 42. Kf5 Rf1+ 43. Nf4 Ba3 44. Ke6 Bd6 45. Nd5 Bxg3 46.
Nxe7 Kg5 47. Kd7 Re1 48. Rxe1 Bxe1 49. Ke6 Kf4 50. Nc6 Ke4 51. d5 Bg3 52. Ne7
Bh2 1/2-1/2

[Event "Ïåðâåíñòâî Ìîñêâû ïî øàõìàòàì"]
[Site "Ìîñêâà, ÌÃÈÌÎ ïð. Âåðíàäñêîãî,"]
[Date "2018.11.19"]
[Round "2.3"]
[White "Antonyan , Grant"]
[Black "Zaika, Daniil"]
[Result "1-0"]
[WhiteElo "1967"]
[BlackElo "2191"]
[PlyCount "49"]
[EventDate "2018.11.18"]

1. e4 c5 2. Nf3 d6 3. d4 cxd4 4. Nxd4 Nf6 5. f3 e5 6. Nb3 a5 7. Bb5+ Bd7 8. a4
Bxb5 9. axb5 d5 10. Bg5 d4 11. c3 dxc3 12. Qxd8+ Kxd8 13. Bxf6+ gxf6 14. Nxc3
Nd7 15. Nxa5 Bb4 16. Nb3 Rxa1+ 17. Nxa1 Ke7 18. Nc2 Bc5 19. Ke2 Rc8 20. Nd5+
Ke6 21. Rc1 f5 22. b4 Rg8 23. bxc5 Rxg2+ 24. Kf1 Rxh2 25. Kg1 1-0

[Event "Ïåðâåíñòâî Ìîñêâû ïî øàõìàòàì"]
[Site "Ìîñêâà, ÌÃÈÌÎ ïð. Âåðíàäñêîãî,"]
[Date "2018.11.19"]
[Round "2.4"]
[White "German, Nikita"]
[Black "Afanas'yeva, Alexandra"]
[Result "1-0"]
[WhiteElo "2179"]
[BlackElo "2095"]
[PlyCount "93"]
[EventDate "2018.11.18"]

1. e4 c5 2. Nf3 d6 3. d4 cxd4 4. Nxd4 Nf6 5. Nc3 a6 6. Be2 Nbd7 7. O-O g6 8. a4
Nc5 9. Bf3 Bg7 10. Re1 O-O 11. Nd5 Ne6 12. Be3 Nxd4 13. Bxd4 Nd7 14. Bxg7 Kxg7
15. Bg4 Ne5 16. Bxc8 Rxc8 17. b3 Nc6 18. Qd2 a5 19. Re3 h5 20. Rf1 e6 21. Nf4
Ne5 22. Rd1 Qf6 23. Rg3 Kh7 24. c4 Rh8 25. Nd3 Nc6 26. Qf4 Qe7 27. Ne1 Rcd8 28.
Rgd3 Ne5 29. Rd4 f6 30. Qd2 Nf7 31. Qxa5 g5 32. Qd2 h4 33. Nc2 h3 34. g4 Kg7
35. f3 Qc7 36. Kh1 Kg6 37. Ne1 Qb6 38. Qc3 Ne5 39. Nc2 Nf7 40. Ne3 Ne5 41. Nf1
Nc6 42. R4d2 Ne5 43. Ng3 Kf7 44. Ne2 Ke7 45. Nd4 Nf7 46. Nb5 Qc6 47. Qe3 1-0

[Event "Ïåðâåíñòâî Ìîñêâû ïî øàõìàòàì"]
[Site "Ìîñêâà, ÌÃÈÌÎ ïð. Âåðíàäñêîãî,"]
[Date "2018.11.19"]
[Round "2.5"]
[White "Zaozerskih, Sergey"]
[Black "Zav'yalov, Nikita"]
[Result "1-0"]
[WhiteElo "1909"]
[BlackElo "2111"]
[PlyCount "87"]
[EventDate "2018.11.18"]

1. e4 c5 2. b3 Nf6 3. e5 Nd5 4. Bb2 d6 5. Nf3 Nc6 6. Na3 dxe5 7. Nxe5 Nxe5 8.
Bxe5 f6 9. Qf3 Nc7 10. Bb2 e5 11. Bd3 Be6 12. Nc4 b5 13. Ne3 Rb8 14. a4 c4 15.
Be4 cxb3 16. Qh5+ Kd7 17. O-O Bd6 18. d4 exd4 19. Bxd4 g6 20. Qf3 Rf8 21. Rad1
bxa4 22. Bc5 Rb6 23. Bxb6 axb6 24. Rxd6+ Kxd6 25. Rd1+ Ke7 26. Rxd8 Rxd8 27.
cxb3 Bxb3 28. Bc2 Bxc2 29. Nxc2 Rd5 30. h3 b5 31. Nb4 Rc5 32. Qe3+ Kd6 33. Qf4+
Ke7 34. Qh6 Rc4 35. Qe3+ Kd6 36. Qb6+ Kd7 37. Nd3 Rc6 38. Nc5+ Kd6 39. Ne4+ Kd5
40. Nxf6+ Rxf6 41. Qxf6 b4 42. Qb6 a3 43. Qxc7 Kd4 44. Qc2 1-0

[Event "Ïåðâåíñòâî Ìîñêâû ïî øàõìàòàì"]
[Site "Ìîñêâà, ÌÃÈÌÎ ïð. Âåðíàäñêîãî,"]
[Date "2018.11.19"]
[Round "2.7"]
[White "Bregman, Il'ya"]
[Black "Voinikonis, Nikita"]
[Result "0-1"]
[WhiteElo "1918"]
[BlackElo "2164"]
[PlyCount "32"]
[EventDate "2018.11.18"]

1. c4 g6 2. Nc3 Bg7 3. d4 c5 4. Nf3 cxd4 5. Nxd4 Nc6 6. Nb3 Bxc3+ 7. bxc3 Nf6
8. g3 d6 9. Bg2 Qc7 10. Ba3 O-O 11. O-O b6 12. Nd4 Bb7 13. Qa4 Rfc8 14. Nb5 Qd7
15. Nd4 Nxd4 16. Qxd7 Nxe2+ 0-1

[Event "Ïåðâåíñòâî Ìîñêâû ïî øàõìàòàì"]
[Site "Ìîñêâà, ÌÃÈÌÎ ïð. Âåðíàäñêîãî,"]
[Date "2018.11.19"]
[Round "2.8"]
[White "Baranovskyi, Daniil"]
[Black "Tverdokhleb, Alexandr"]
[Result "0-1"]
[WhiteElo "1754"]
[BlackElo "1941"]
[PlyCount "62"]
[EventDate "2018.11.18"]

1. d4 d5 2. Nf3 Nf6 3. e3 Bf5 4. c4 c6 5. Nc3 e6 6. Qb3 Qb6 7. c5 Qc7 8. a4 b6
9. cxb6 axb6 10. Bd2 Nbd7 11. Rc1 Qb7 12. Nh4 Bg6 13. Nxg6 hxg6 14. Be2 e5 15.
a5 Rxa5 16. dxe5 Nxe5 17. Na4 Ra6 18. O-O b5 19. Nc3 Qc7 20. f4 Nc4 21. Bxc4
bxc4 22. Qc2 Bc5 23. b4 cxb3 24. Qxb3 O-O 25. Ne2 Ne4 26. Qd3 Qa7 27. Nd4 Bxd4
28. exd4 Ra3 29. Bc3 Rb8 30. Ra1 Rbb3 31. Rxa3 Qxa3 0-1

[Event "Ïåðâåíñòâî Ìîñêâû ïî øàõìàòàì"]
[Site "Ìîñêâà, ÌÃÈÌÎ ïð. Âåðíàäñêîãî,"]
[Date "2018.11.19"]
[Round "2.9"]
[White "Ignatyuk, Nikita"]
[Black "Rysaev, Daniyal"]
[Result "1/2-1/2"]
[WhiteElo "1633"]
[BlackElo "1966"]
[PlyCount "90"]
[EventDate "2018.11.18"]

1. d4 Nf6 2. Bf4 c5 3. e3 cxd4 4. exd4 d5 5. c3 Nc6 6. Nf3 Bg4 7. Be2 Bxf3 8.
Bxf3 e6 9. O-O Bd6 10. Bxd6 Qxd6 11. Re1 b5 12. a3 a5 13. Nd2 O-O 14. b4 a4 15.
Be2 Na7 16. Bf1 Rac8 17. Rc1 Rc7 18. Re3 Rfc8 19. g3 Qb6 20. Nb1 Nc6 21. Rd3
Ne7 22. Bh3 Ne4 23. Qe1 Nc6 24. Rcd1 Nd8 25. Bg2 Nf6 26. h3 Nb7 27. Kh2 Nd6 28.
f3 Nc4 29. Qe2 Qd6 30. Re1 Qc6 31. Rc1 Qd6 32. Re1 Qc6 33. Rc1 Nd6 34. Re1 Nf5
35. g4 Nh4 36. Qf2 Ng6 37. Qg3 Qc4 38. Rd2 Qb3 39. Bf1 Rxc3 40. Nxc3 Rxc3 41.
Qb8+ Nf8 42. Bg2 Qc4 43. Bf1 Qb3 44. Bg2 Qc4 45. Bf1 Qb3 1/2-1/2

[Event "Ïåðâåíñòâî Ìîñêâû ïî øàõìàòàì"]
[Site "Ìîñêâà, ÌÃÈÌÎ ïð. Âåðíàäñêîãî,"]
[Date "2018.11.19"]
[Round "2.10"]
[White "Fedorov , Nikita"]
[Black "Ponomarenko, Anton"]
[Result "1-0"]
[WhiteElo "1958"]
[BlackElo "1704"]
[PlyCount "77"]
[EventDate "2018.11.18"]

1. e4 c5 2. Nf3 e6 3. d4 cxd4 4. Nxd4 a6 5. Bd3 Nc6 6. Nxc6 dxc6 7. O-O e5 8.
Be3 Nf6 9. h3 Qc7 10. a4 Bd6 11. a5 O-O 12. Nd2 Be6 13. Qe2 Bb4 14. Bb6 Qe7 15.
Nf3 Nd7 16. Be3 f6 17. Bc4 Kh8 18. Rfd1 Rfd8 19. c3 Bc5 20. Bxe6 Qxe6 21. Rxd7
Rxd7 22. Bxc5 Re8 23. Bb6 g5 24. Nd2 Ree7 25. Nc4 Kg7 26. Ne3 Kg6 27. Nf5 Rf7
28. c4 h5 29. Ra3 Rh7 30. h4 g4 31. Rg3 Kf7 32. b3 Kf8 33. f3 gxf3 34. gxf3 Rh8
35. Bc5+ Kf7 36. Qg2 Rh7 37. Rg7+ Rxg7 38. Qxg7+ Ke8 39. Qf8# 1-0

[Event "Ïåðâåíñòâî Ìîñêâû ïî øàõìàòàì"]
[Site "Ìîñêâà, ÌÃÈÌÎ ïð. Âåðíàäñêîãî,"]
[Date "2018.11.19"]
[Round "3.1"]
[White "Antonian , Grant"]
[Black "Yeritsyan , Aram"]
[Result "0-1"]
[WhiteElo "1967"]
[BlackElo "2354"]
[PlyCount "116"]
[EventDate "2018.11.18"]

1. e4 e5 2. Nf3 Nc6 3. Bb5 a6 4. Ba4 Nf6 5. O-O Be7 6. Re1 b5 7. Bb3 O-O 8. c3
d5 9. exd5 Nxd5 10. Nxe5 Nxe5 11. Rxe5 c6 12. d3 Bd6 13. Re1 Bf5 14. g3 Qf6 15.
Nd2 Rae8 16. Ne4 Qg6 17. Bxd5 cxd5 18. Nxd6 Qxd6 19. Bf4 Qg6 20. d4 Re4 21. Qd2
Bg4 22. Kg2 Qh5 23. f3 Bxf3+ 24. Kg1 Rfe8 25. Rxe4 Bxe4 26. Qf2 Re6 27. Be5 f6
28. Bf4 g5 29. Bd2 Qg4 30. Re1 h5 31. Qe2 Qf5 32. Qxh5 Re7 33. Rf1 Qe6 34. Qe2
Rh7 35. Qf2 Kg7 36. Bc1 Kg6 37. Qd2 Rh5 38. Qf2 f5 39. Bd2 Rh3 40. Bxg5 Kxg5
41. Qf4+ Kg6 42. Re1 Rh5 43. Qb8 Rh7 44. Re2 Qf6 45. Rf2 Rh8 46. Qc7 Re8 47.
Re2 f4 48. gxf4 Re7 49. Qb8 Rg7 50. Re3 Kh7+ 51. Rg3 Qh4 52. Rxg7+ Kxg7 53.
Qe5+ Kg6 54. Qe6+ Kh5 55. Qf7+ Kg4 56. Qg7+ Kxf4 57. Qg3+ Qxg3+ 58. hxg3+ Ke3
0-1

[Event "Ïåðâåíñòâî Ìîñêâû ïî øàõìàòàì"]
[Site "Ìîñêâà, ÌÃÈÌÎ ïð. Âåðíàäñêîãî,"]
[Date "2018.11.19"]
[Round "3.2"]
[White "Zaozeroskih, Sergey"]
[Black "German, Nikita"]
[Result "1/2-1/2"]
[WhiteElo "1909"]
[BlackElo "2179"]
[PlyCount "61"]
[EventDate "2018.11.18"]

1. e4 c5 2. Nf3 e6 3. b3 d6 4. Bb2 Nf6 5. Bb5+ Bd7 6. Bxd7+ Nbxd7 7. Qe2 Be7 8.
O-O O-O 9. d3 Qc7 10. Nbd2 a6 11. e5 dxe5 12. Nxe5 Nxe5 13. Bxe5 Qc6 14. a4 b6
15. Ne4 Nd5 16. f4 Rae8 17. Rf3 f6 18. Bb2 f5 19. Nd2 Bd6 20. Be5 Bxe5 21. Qxe5
Nf6 22. Qe2 e5 23. fxe5 Ng4 24. Raf1 Rxe5 25. Ne4 Qe6 26. Qd2 Re8 27. Ng3 Ne3
28. R1f2 Ng4 29. Rf1 Ne3 30. R1f2 Ng4 31. Rf1 1/2-1/2

[Event "Ïåðâåíñòâî Ìîñêâû ïî øàõìàòàì"]
[Site "Ìîñêâà, ÌÃÈÌÎ ïð. Âåðíàäñêîãî,"]
[Date "2018.11.19"]
[Round "3.3"]
[White "Yarikov, Artyom"]
[Black "Dudin, Gleb"]
[Result "0-1"]
[WhiteElo "1728"]
[BlackElo "2207"]
[PlyCount "112"]
[EventDate "2018.11.18"]

1. e4 d6 2. d4 Nf6 3. Nc3 e5 4. dxe5 dxe5 5. Qxd8+ Kxd8 6. Bc4 Be6 7. Bxe6 fxe6
8. Be3 a6 9. Nge2 Bd6 10. f3 Ke7 11. O-O Nbd7 12. Rfd1 Rhg8 13. g4 Nf8 14. Na4
N6d7 15. Bg5+ Ke8 16. Be3 b5 17. Nb6 Nxb6 18. Bxb6 Ng6 19. Kg2 Nh4+ 20. Kg3 g5
21. Be3 h6 22. a4 Rf8 23. Ng1 Ke7 24. Ra2 b4 25. Raa1 Rab8 26. b3 a5 27. Rd2
Ra8 28. Rad1 Ra6 29. Kf2 Rc6 30. Rc1 Ng6 31. Rcd1 Rf7 32. Ne2 Nh4 33. Ng1 Rc3
34. Rc1 Rf8 35. Rd3 Rc6 36. Rd2 Kd7 37. Rd3 Kc8 38. Rd2 Ng6 39. Rd3 Nf4 40. Rd2
Rc3 41. Rcd1 Rxe3 42. Rxd6 Rc3 43. R6d2 Nh3+ 44. Nxh3 Rfxf3+ 45. Kg2 Rxh3 46.
Rd8+ Kb7 47. Re8 Rh4 48. Rd2 Rxg4+ 49. Kh1 Re3 50. Rd1 Rexe4 51. Rxe6 h5 52. h3
Rg3 53. Rd5 h4 54. Rxa5 Re1+ 55. Kh2 Reg1 56. Rb5+ Kc8 0-1

[Event "Ïåðâåíñòâî Ìîñêâû ïî øàõìàòàì"]
[Site "Ìîñêâà, ÌÃÈÌÎ ïð. Âåðíàäñêîãî,"]
[Date "2018.11.19"]
[Round "3.4"]
[White "Grishgorn, Leonid"]
[Black "Zaika, Daniil"]
[Result "0-1"]
[WhiteElo "2019"]
[BlackElo "2191"]
[PlyCount "60"]
[EventDate "2018.11.18"]

1. d4 d5 2. c4 c6 3. Nc3 Nf6 4. Nf3 dxc4 5. a4 Bf5 6. Nh4 e6 7. Nxf5 exf5 8. e3
Bb4 9. Bxc4 O-O 10. Bd2 Nbd7 11. Qc2 g6 12. O-O Rc8 13. Rad1 Qe7 14. Ba2 c5 15.
Rfe1 Rfe8 16. f3 Nb6 17. d5 c4 18. e4 fxe4 19. fxe4 Bc5+ 20. Kf1 Ng4 21. Ke2
Qh4 22. Rf1 Qxh2 23. Rde1 Qxg2+ 24. Kd1 Nf2+ 25. Kc1 Nd3+ 26. Kb1 Nxe1 27. Rxe1
Bb4 28. Bh6 Qxc2+ 29. Kxc2 Bxc3 30. bxc3 Nxd5 0-1

[Event "Ïåðâåíñòâî Ìîñêâû ïî øàõìàòàì"]
[Site "Ìîñêâà, ÌÃÈÌÎ ïð. Âåðíàäñêîãî,"]
[Date "2018.11.19"]
[Round "3.5"]
[White "Voinikonis, Nikita"]
[Black "Afanas'yeva, Alexandra"]
[Result "1-0"]
[WhiteElo "2164"]
[BlackElo "2095"]
[PlyCount "57"]
[EventDate "2018.11.18"]

1. Nf3 d5 2. b3 c5 3. Bb2 f6 4. e3 e5 5. Bb5+ Bd7 6. Qe2 Nc6 7. d3 Qa5+ 8. Nc3
Nge7 9. O-O d4 10. Ne4 Nd5 11. Bc4 Nc7 12. exd4 cxd4 13. Nxd4 Nxd4 14. Bxd4
O-O-O 15. Be3 b5 16. Bf7 Kb8 17. c3 Be6 18. b4 Qa6 19. Bxe6 Qxe6 20. a4 a6 21.
axb5 Nxb5 22. c4 Nd4 23. Qa2 Kb7 24. Rfb1 Ra8 25. Bxd4 exd4 26. Qa5 Qb6 27.
Qd5+ Ka7 28. Qd7+ Qb7 29. Rxa6+ 1-0

[Event "Ïåðâåíñòâî Ìîñêâû ïî øàõìàòàì"]
[Site "Ìîñêâà, ÌÃÈÌÎ ïð. Âåðíàäñêîãî,"]
[Date "2018.11.19"]
[Round "3.6"]
[White "Vetokhin, Il'ya"]
[Black "Fedorov, Nikita"]
[Result "1/2-1/2"]
[WhiteElo "2082"]
[BlackElo "1958"]
[PlyCount "80"]
[EventDate "2018.11.18"]

1. d4 d5 2. c4 e6 3. Nc3 Nf6 4. cxd5 exd5 5. Bg5 c6 6. e3 Be7 7. Bd3 Nbd7 8.
Qc2 a5 9. Nf3 O-O 10. O-O Re8 11. h3 g6 12. a3 Nf8 13. Rab1 Ne6 14. Bxf6 Bxf6
15. b4 axb4 16. axb4 b6 17. Rfd1 b5 18. Ne2 Qb6 19. Nc1 Ng7 20. Nb3 Bf5 21. Nc5
Be7 22. Rdc1 Bxc5 23. Qxc5 Qxc5 24. Rxc5 Re6 25. Ne5 Ra6 26. Bxf5 Nxf5 27. Rbc1
Ne7 28. Kf1 f6 29. Nd3 Ra4 30. g4 g5 31. Ke2 Rd6 32. R5c2 Rd8 33. Rb2 Rda8 34.
Nc5 Ra2 35. Rxa2 Rxa2+ 36. Kf3 Kf7 37. h4 gxh4 38. Nd3 Ra3 39. Nc5 Ra2 40. Nd3
Ra3 1/2-1/2

[Event "Ïåðâåíñòâî Ìîñêâû ïî øàõìàòàì"]
[Site "Ìîñêâà, ÌÃÈÌÎ ïð. Âåðíàäñêîãî,"]
[Date "2018.11.19"]
[Round "3.7"]
[White "Tverdokhleb, Alexandr"]
[Black "Rysaev, Daniyal"]
[Result "1/2-1/2"]
[WhiteElo "1941"]
[BlackElo "1966"]
[PlyCount "77"]
[EventDate "2018.11.18"]

1. d4 e6 2. Nf3 d5 3. Bg5 Be7 4. Bxe7 Qxe7 5. Nbd2 Nf6 6. e3 O-O 7. Bd3 b6 8.
O-O Bb7 9. c4 c6 10. Ne5 c5 11. dxc5 Qxc5 12. Qe2 Qd6 13. Ndf3 Nbd7 14. Nxd7
Nxd7 15. cxd5 Bxd5 16. Rfd1 Qe7 17. Nd4 Ne5 18. Bxh7+ Kxh7 19. Qh5+ Kg8 20.
Qxe5 Rac8 21. Nf5 Qg5 22. Rxd5 exf5 23. Rad1 Rfd8 24. Rxd8+ Rxd8 25. Rxd8+ Qxd8
26. h3 Qd1+ 27. Kh2 Qc2 28. Kg3 Kh7 29. Qc3 Qe4 30. Qc7 Qd5 31. a3 f6 32. Qf4
Qb5 33. Qd4 Qc6 34. Kh2 Qc7+ 35. Kg1 Qc1+ 36. Kh2 Qc2 37. Kg1 Qc1+ 38. Kh2 Qc2
39. Kg1 1/2-1/2